| 000 | 00537nam a2200193 a 4500 | ||
|---|---|---|---|
| 005 | 20240924071036.0 | ||
| 008 | 991125s1975 es 000 0 spa u | ||
| 035 | _aUPN01000035456 | ||
| 049 | _aCG | ||
| 050 | 4 |
_aP121 _bC4.4 1975 |
|
| 100 | 1 | _aCerdá Massó, Ramón | |
| 245 | 1 | 0 |
_aLingüística, hoy / _cRamón Cerdá Massó ; pról. A. M. Badía Margarit. |
| 250 | _a2a ed. | ||
| 260 |
_aBarcelona [Esp.] : _bTeide, _c1975. |
||
| 300 | _a158 p. | ||
| 440 | 0 |
_aHay que saber ; _v4 |
|
| 650 | 4 |
_aLingüística _96151 |
|
| 905 | _aLibro | ||
| 999 |
_c35456 _d35456 |
||